Grupos de enfermedades infecciosas según tipo de microorganismo - Estadísticas

Estadísticas generales
  • Esta prueba ha sido intentada 17 veces
  • La puntuación promedio es 5 de 28
Estadísticas de respuestas
Grupo de microorganismos Enfermedad % Correcto
Micobacteriosis Tuberculosis/(Mycobacterium tuberculosis)
91%
Micobacteriosis Lepra/(Mycobacterium leprae)
64%
Tripanosomiasis Enfermedad de Chagas/(Trypanosoma cruzi)
55%
Espiroquetosis Sífilis/(Treponema pallidum)
45%
Arbovirosis Fiebre amarilla/(Flavivirus)
36%
Tripanosomiasis Tripanosomiasis africana/(Trypanosoma brucei)
27%
Arbovirosis Zika/(Flavivirus)
27%
Bartonelosis Angiomatosis bacilar/(Bartonella henselae/Bartonella quintana)
18%
Arbovirosis Dengue/(Flavivirus)
18%
Espiroquetosis Enfermedad de Lyme/(Borrelia burgdorferi)
18%
Bartonelosis Enfermedad por arañazo de gato/(Bartonella henselae)
18%
Rickettsiosis Fiebre botonosa mediterránea/(Rickettsia conorii)
18%
Clamidiosis Linfogranuloma venéreo/(Chlamydia trachomatis)
18%
Filariasis Elefantiasis/(Wuchereria bancrofti, Brugia malayi)
9%
Espiroquetosis Leptospirosis/(Leptospira spp.)
9%
Clamidiosis Neumonía por clamidias/(Chlamydia pneumoniae)
9%
Clamidiosis Psitacosis/(Chlamydia psittaci)
9%
Rickettsiosis Tifus epidémico/(Rickettsia prowazekii)
9%
Filariasis Ceguera de los ríos/(Onchocerca volvulus)
0%
Arbovirosis Chikunguña/(Alphavirus)
0%
Bartonelosis Enfermedad de Carrión/Fiebre de la Oroya/(Bartonella bacilliformis)
0%
Bartonelosis Fiebre de las trincheras/(Bartonella quintana)
0%
Rickettsiosis Fiebre maculosa/(Rickettsia rickettsii)
0%
Espiroquetosis Fiebre recurrente/(Borrelia recurrentis)
0%
Filariasis Loiasis/(Loa loa)
0%
Micobacteriosis Micobacteriosis atípicas/(Mycobacterium avium, Mycobacterium kansasii)
0%
Rickettsiosis Tifus murino/(Rickettsia typhi)
0%
Arbovirosis Virus del Nilo Occidental/(Flavivirus)
0%
No se encontraron pruebas coincidentes
Distribución de puntuación
Porcentaje de gente con cada puntuación
Porcentaje por número respondido
Historial de tus puntuaciones
No has intentado esta prueba.